|
|
|
|
| LEADER |
00747nam#a2200229#a#4500 |
| 001 |
006036 |
| 003 |
AR-BeUNQ |
| 005 |
20240618150459.0 |
| 008 |
001019s1998####ag##################spa#d |
| 999 |
|
|
|c 8787
|d 84174
|
| 040 |
|
|
|a AR-beUNQ
|e aacr
|
| 099 |
|
|
|a 00-F11
|
| 100 |
1 |
|
|a Fernández, Oscar A.
|
| 245 |
0 |
2 |
|a Internet :
|b bases de datos, bibliotecas, referencia, correo electrónico, sitios.
|c Oscar A. Fernández, Horacio V. Zabala.
|
| 260 |
|
|
|a Mar del Plata :
|b Vivarium,
|c 1998
|
| 300 |
|
|
|a 137 p
|
| 500 |
|
|
|a Guia para uso de bibliotecas
|
| 650 |
|
7 |
|a MATERIALES DE REFERENCIA
|2 Spines
|
| 650 |
|
7 |
|a INTERNET
|2 toit
|
| 700 |
1 |
|
|a Zabala, Horacio V.
|
| 929 |
|
|
|a COMPRA
|b Alfagrama
|c Exp. 827-0764/97
|d 35,00
|e 19990615
|j 26326
|i 20240618
|
| 942 |
|
|
|c LIB
|n 0
|